| 000 | 00727cab a2200217 4500 | ||
|---|---|---|---|
| 001 | WB3508-19 | ||
| 008 | 090401t1999 xxu||||| |||| 00| 0 eng d | ||
| 035 | _a(Sirsi) u91538 | ||
| 041 | _aeng | ||
| 245 | _aBuilding society to include estate agency | ||
| 260 | _c1999 | ||
| 350 | _a0 | ||
| 490 |
_aSunday Times _v21 February 1999, 2(1) |
||
| 520 | _aResponding to Government calls to speed up house sales, the Bradford and Bingley has launched a pilot project to link their lending and estate agency services. | ||
| 650 | _aESTATE AGENTS | ||
| 650 | _aPROPERTY-RESIDENTIAL PROPERTY-ACQUISITION AND DISPOSAL OF RESIDENTIAL PROPERTY | ||
| 650 | _aMORTGAGES | ||
| 690 | _aHOUSING | ||
| 942 | _n0 | ||
| 948 | _c23/02/1999 | ||
| 999 |
_c58114 _d58114 |
||